Keynes on population (Record no. 396310)

000 -LEADER
fixed length control field 00426cam a22001457a 4500
008 - FIXED-LENGTH DATA ELEMENTS--GENERAL INFORMATION
fixed length control field 180718b2000 xxu||||| |||| 00| 0 eng d
020 ## - INTERNATIONAL STANDARD BOOK NUMBER
International Standard Book Number 0198293623
082 ## - DEWEY DECIMAL CLASSIFICATION NUMBER
Classification number B123 T668
100 ## - MAIN ENTRY--PERSONAL NAME
Personal name Toye, John
245 ## - TITLE STATEMENT
Title Keynes on population
Statement of responsibility, etc. by John Toye
260 ## - PUBLICATION, DISTRIBUTION, ETC.
Place of publication, distribution, etc. Oxford
Name of publisher, distributor, etc. Oxford Univ. Press
Date of publication, distribution, etc. 2000
300 ## - PHYSICAL DESCRIPTION
Extent 260p.
650 ## - SUBJECT ADDED ENTRY--TOPICAL TERM
Topical term or geographic name entry element Population - Economic aspects
650 ## - SUBJECT ADDED ENTRY--TOPICAL TERM
Topical term or geographic name entry element Keynes, John Maynard, 1883-146 - Views on population
Holdings
Withdrawn status Lost status Damaged status Not for loan Permanent Location Current Location Date acquired Full call number Barcode Date last seen Price effective from Koha item type
        Indian Institute of Public Administration Indian Institute of Public Administration 2001-03-19 B123 T668 76550 2018-07-21 2018-07-21 Book

Powered by Koha